000 00613nam a2200217Ia 4500
005 20250508162804.0
008 008 250505s9999 xx 000 0 eng d
020 _a81-7216-006
037 _aTextual
040 _aFEDL
_beng
_cFEDL
041 _aeng
_2eng
084 _a157.6, PAR
_qFEDL
100 _aParikh J. C.
245 0 _aDrug addiction : A psycho - social study of youth
260 _aDelhi, India
_bFriends Publications
_c1992
300 _a278p.
650 _aAbnormal Psychology
700 _a Krishna K. S.
_9774054
942 _cTEXL
_h157.6, PAR
999 _c1378693
_d1378693